00744nam a22002057a 4500003000400000005001700004008004100021020001500062040002400077100003500101245012000136260003300256300004400289500002400333504001700357650005600374650003600430700004000466700003200506OSt20170419181250.0170419s1999 sp ad || 000 ||spa|d a8481643017 aES-BaCBUbcatcCDMR1 aLucas Marín, Antonio,d1945-10aSociología de la comunicación /cAntonio Lucas Marín, Carmen García Galera, José Antonio Ruiz San Román aMadrid :bTrotta,ccop. 1999 a276 p. :bil., gràf., quadres;c23 cm aReimpressions: 2003 aBibliografia04aMitjans de comunicació de massaxAspectes socials 4aComunicacióxAspectes socials1 aGarcía Galera, María del Carmen1 aRuiz San Román, José A.